000 00269 a2200145 4500
001 62550
020 _a
040 _cAnchieta - Pituba
240 1 0 _aEureka 33
_lpor
245 1 0 _aEureka 33
300 _a62
362 0 _a2011
650 4 _aMatemática
942 _cBK
999 _c62550
_d62550